City Analogies (Europe) - Statistics

General Stats
  • This quiz has been taken 31 times
  • The average score is 12 of 16
Answer Stats
This is to... Analogy City % Correct
1) Eiffel is to Paris Big Ben is to London
100%
2) Brandenburg Gate is to Berlin Colosseum is to Rome
100%
10) Leaning Tower is to Pisa Sagrada Familia is to Barcelona
93%
9) Wales is to Cardiff Scotland is to Edinburgh
93%
5) The Shard is to London Red Light District is to Amsterdam
89%
13) Bergen is to Oslo Malmo is to Stockholm
89%
15) Malmo is to Sweden Aalborg is to Denmark
82%
14) Bratislava is to Slovakia Czechia is to Prague
75%
16) Riga is to Latvia Estonia is to Tallinn
75%
8) Andorra is to Andorra la Vella Liechtenstein is to Vaduz
75%
3) ARN Airport is to Stockholm CDG Airport is to Paris
71%
7) St Peters Basilica is to Vatican St Basils Cathedral is to Moscow
64%
12) Ratatouille is to Paris Peaky Blinders is to Birmingham
61%
6) Manneken Pis is to Brussels Hallgrimskirkja is to Reykjavik
54%
4) Palermo is to Sicily Corsica is to Ajaccio
50%
11) LHR Airport is to London MXP Airport is to Milan
39%
No matching quizzes found
Score Distribution
Percent of People with Each Score
Percentile by Number Answered
Your Score History
You have not taken this quiz